000 00282 a2200133 4500
001 68175
040 _cAnchieta - Pituba
100 _aRodrigues, Victor
240 1 0 _aPraga de poeta
_lpor
245 1 0 _aPraga de poeta
362 0 _a2012
650 4 _aPoesia brasileira
942 _cBK
999 _c68175
_d68175